Estrategia para la conservación de las aves de Colombia (Registro nro. 2202)

Detalles MARC
000 -CABECERA
Campo de control 01568nam a2200481 a 4500
005 - FECHA Y HORA DE LA ULTIMA TRANSACCION
Campo de control 20200104041529.0
008 - ELEMENTOS DE LONGITUD FIJA—INFORMACION GENERAL
Campo de control 140121b2001 ck ||||| |||| 00| 0 spa d
040 ## - FUENTE DE CATALOGACIÓN
Agencia catalogadora original CO-BoIAVH
Agencia transcriptora CO-BoIAVH
041 ## - IDIOMA
Código de idioma para texto/pista de sonido o título separado Español
044 ## - PAÍS DE PUBLICACIÓN
País de publicación Colombia
090 ## - CLASIFICACIÓN LOCAL
Colección IAvH
Consecutivo 00165
100 ## - ASIENTO PRINCIPAL--NOMBRE PERSONAL
Nombre personal Renjifo M., Luis Miguel
110 ## - ASIENTO PRINCIPAL--NOMBRE CORPORATIVO
Unidad subordinad Instituto de Investigación de Recursos Biológicos Alexander von Humboldt
245 ## - MENCION DE TITULO
Título Estrategia para la conservación de las aves de Colombia
250 ## - MENCION DE EDICION
Mención de edición Estrategia Nacional para la conservación de las Aves de Colmbia
260 ## - PUBLICACION, DISTRIBUCION, ETC. (PIE DE IMPRENTA)
Lugar de publicación, distribución, etc. Bogotá
Nombre del editor, distribuidor, etc. Instituto Alexander von Humboldt
Fecha de publicación, distribución, etc. 2001
300 ## - DESCRIPCION FISICA
Extensión 35
650 ## - ASIENTO SECUNDARIO DE MATERIA - TERMINO TEMATICO
Término temático o nombre geográfico como elemento de entrada Conservación de biodiversidad
650 ## - ASIENTO SECUNDARIO DE MATERIA - TERMINO TEMATICO
Término temático o nombre geográfico como elemento de entrada Aves
650 ## - ASIENTO SECUNDARIO DE MATERIA - TERMINO TEMATICO
Término temático o nombre geográfico como elemento de entrada Avifauna
650 ## - ASIENTO SECUNDARIO DE MATERIA - TERMINO TEMATICO
Término temático o nombre geográfico como elemento de entrada Estrategias de conservación
650 ## - ASIENTO SECUNDARIO DE MATERIA - TERMINO TEMATICO
Término temático o nombre geográfico como elemento de entrada Especies amenazadas
650 ## - ASIENTO SECUNDARIO DE MATERIA - TERMINO TEMATICO
Término temático o nombre geográfico como elemento de entrada Especies endémicas
662 ## - ASIENTO SECUNDARIO DE MATERIA - JERARQUIA DEL NOMBRE DE LUGAR(
País o entidad mayor Colombia
700 ## - ASIENTO SECUNDARIO - NOMBRE PERSONAL
Nombre personal Franco, Ana María
700 ## - ASIENTO SECUNDARIO - NOMBRE PERSONAL
Nombre personal Alvarez , Humberto
700 ## - ASIENTO SECUNDARIO - NOMBRE PERSONAL
Nombre personal Borja, Rafael
700 ## - ASIENTO SECUNDARIO - NOMBRE PERSONAL
Nombre personal Botero, Jorge E.
700 ## - ASIENTO SECUNDARIO - NOMBRE PERSONAL
Nombre personal Cordoba, Sergio
700 ## - ASIENTO SECUNDARIO - NOMBRE PERSONAL
Nombre personal De la Zerna, Susana
700 ## - ASIENTO SECUNDARIO - NOMBRE PERSONAL
Nombre personal Didier, Gisele
700 ## - ASIENTO SECUNDARIO - NOMBRE PERSONAL
Nombre personal Estela, Felipe
700 ## - ASIENTO SECUNDARIO - NOMBRE PERSONAL
Nombre personal De La Zerda, Susana
700 ## - ASIENTO SECUNDARIO - NOMBRE PERSONAL
Nombre personal Didier, Gisele
700 ## - ASIENTO SECUNDARIO - NOMBRE PERSONAL
Nombre personal Estela, Felipe
700 ## - ASIENTO SECUNDARIO - NOMBRE PERSONAL
Nombre personal Márquez, César
700 ## - ASIENTO SECUNDARIO - NOMBRE PERSONAL
Nombre personal Montenegro, M. I.
700 ## - ASIENTO SECUNDARIO - NOMBRE PERSONAL
Nombre personal Murcia, C.
700 ## - ASIENTO SECUNDARIO - NOMBRE PERSONAL
Nombre personal Rodríguez, J. V.
700 ## - ASIENTO SECUNDARIO - NOMBRE PERSONAL
Nombre personal Samper , C.
700 ## - ASIENTO SECUNDARIO - NOMBRE PERSONAL
Nombre personal Weder, W. H.
942 ## - ELEMENTOS ADICIONALES (KOHA)
Tipo de ítem CD-ROM
Sistema de clasificación Local
Existencias
Withdrawn status Lost status Sistema de Clasificación Damaged status No para préstamo Colección Inventariado Ubicación Permanente Ubicación actual Fecha de adquisición Fuente de Valor Valor Total Checkouts Número topográfico Inventario / Código de Barras Date last seen Ejemplar Price effective from Forma de adquisición Tipo de material Date checked out
    Dewey Decimal Classification     Humboldt   Bogotá Bogotá 01/07/2004       IAvH-346.46958 R41e 016285 04/12/2012 Ej. 1 04/12/2012 Institucional Libro  
    Dewey Decimal Classification     Humboldt   Bogotá Bogotá 01/07/2004     1 IAvH-346.46958 R41e 016286 11/12/2012 Ej. 2 04/12/2012 Institucional Libro 06/12/2012
    Dewey Decimal Classification     Humboldt   Bogotá Bogotá 17/06/2005       IAvH-346.46958 R41e 019107 04/12/2012 Ej. 3 04/12/2012 Institucional Libro  
    Dewey Decimal Classification     Humboldt Inventariado 2017 Sala Fabio Quevedo Sala Fabio Quevedo 18/07/2014 Instituto 30000.00   IAvH-346.46958 R41e 004115 04/12/2012 Ej. 4 04/12/2012   Libro  
    Dewey Decimal Classification     Humboldt Inventariado 2017 Sala Fabio Quevedo Sala Fabio Quevedo 18/07/2014 Instituto 30000.00   IAvH-346.46958 R41e 004116 04/12/2012 Ej. 5 04/12/2012   Libro  
    Local     Humboldt Inventariado 2017 Villa de Leyva Villa de Leyva 25/04/2001 Instituto 30000.00   IAvH-00165 004114 04/12/2012 Ej. 1 04/12/2012 Institucional Libro